LEADER 00989nam0-22003611i-450- 001 990003764110403321 005 20050511131938.0 035 $a000376411 035 $aFED01000376411 035 $a(Aleph)000376411FED01 035 $a000376411 100 $a20030910d1986----km-y0itay50------ba 101 0 $aita 102 $aIT 105 $a--------001cy 200 1 $a<>sondaggio$fMaria C[oncetta] Pitrone 205 $a2. ed. 210 $aMilano$cFrancoAngeli$d1986 215 $a171 p.$d22 cm 225 1 $aSociologia e ricerca sociale$v4 610 0 $aScienze sociali$aRicerca$aUso del sondaggio 610 0 $aScienze sociali$aRicerca$aUso d'interviste 610 0 $aSondaggio 610 0 $aIntervista 676 $a300.723 700 1$aPitrone,$bMaria Concetta$0376193 801 0$aIT$bUNINA$gRICA$2UNIMARC 901 $aBK 912 $a990003764110403321 952 $a300.723 PIT 1$b1003$fBFS 959 $aBFS 996 $aSondaggio$9452973 997 $aUNINA LEADER 01581nam2-2200445---450- 001 990001108980203316 005 20100115141004.0 010 $a88-430-6908-6 035 $a000110898 035 $aUSA01000110898 035 $a(ALEPH)000110898USA01 035 $a000110898 100 $a20021128d2002----km-y0enga50------ba 101 0 $aita 102 $aIT 105 $ay|||z|||001yy 200 1 $a<<3.1>> <> conto risorse e impieghi$e1891, 1911, 1938, 1951$fa cura di Guido M. Rey$gscritti di Guido M. Rey ...[et al.] 210 $aRoma [etc]$cLaterza$d2002 215 $aLXV, 274 p.$d21 cm 225 2 $aCollana storica della Banca d'Italia$iStatistiche storiche$v1/3.1 410 0$aCollana storica della Banca d'Italia$12001$iStatistiche storiche$v1/3.1 461 1$10010051447$12001$a<> conti economici dell'Italia 606 0 $aContabilità$xNazionale$yItalia$z1890-1990 676 $a339.345 702 1$aREY,$bGuido M. 801 0$aIT$bsalbc$gISBD 912 $a990001108980203316 951 $a339.3 STI 3.1 (COLL PAL 1/3.1)$b34554 G.$cCOLL PAL$d00099303 959 $aBK 969 $aGIU 979 $aMARIA$b10$c20021128$lUSA01$h0949 979 $aJOHNNY$b90$c20040210$lUSA01$h1033 979 $aPATRY$b90$c20040406$lUSA01$h1717 979 $aRENATO$b90$c20051018$lUSA01$h1535 979 $aRSIAV5$b90$c20100115$lUSA01$h1407 979 $aRSIAV5$b90$c20100115$lUSA01$h1408 979 $aRSIAV5$b90$c20100115$lUSA01$h1410 979 $aCHIARA$b90$c20110523$lUSA01$h1431 996 $aConto risorse e impieghi$9981145 997 $aUNISA